Southville International School and Colleges
Your cart is empty.
  • Cart
  • Lists
    Public lists Eva Luna New books Lux_list list_1
    Your lists Log in to create your own lists
  • Log in to your account
  • Your cookies
  • Search history
Southville International School and Colleges
  • Advanced search
  • Recent comments
  • Most popular
  • Libraries

Log in to your account

Log in with GOOGLE


If you do not have an external account, but do have a local account, you can still log in:

  1. Home
  2. MARC view: The Art of Poetry :
Normal view MARC view ISBD view

The Art of Poetry : (Record no. 238431)

[ view plain ]
MARC details
000 -LEADER
fixed length control field 00977cam a22002893a 4500
001 - CONTROL NUMBER
control field 9175
003 - CONTROL NUMBER IDENTIFIER
control field PGUSA
005 - DATE AND TIME OF LATEST TRANSACTION
control field 20140828083208.0
008 - FIXED-LENGTH DATA ELEMENTS--GENERAL INFORMATION
fixed length control field 051001s2005||||xxu|||||s|||||000 p eng d
040 ## - CATALOGING SOURCE
Original cataloging agency PGUSA
Language of cataloging eng
042 ## - AUTHENTICATION CODE
Authentication code dc
050 #4 - LIBRARY OF CONGRESS CALL NUMBER
Classification number PA
100 1# - MAIN ENTRY--PERSONAL NAME
Personal name Horace,
Dates associated with a name -65--8
245 14 - TITLE STATEMENT
Title The Art of Poetry :
Remainder of title an Epistle to the Pisos : Q. Horatii Flacci Epistola Ad Pisones, De Arte Poetica.
Medium [electronic resource] /
Statement of responsibility, etc Horace
260 ## - PUBLICATION, DISTRIBUTION, ETC. (IMPRINT)
Name of publisher, distributor, etc Project Gutenberg,
Date of publication, distribution, etc 2005
506 ## - RESTRICTIONS ON ACCESS NOTE
Terms governing access Public domain in the USA.
516 ## - TYPE OF COMPUTER FILE OR DATA NOTE
Type of computer file or data note Electronic text
653 ## - INDEX TERM--UNCONTROLLED
Uncontrolled term Didactic poetry, Latin -- Translations into English
653 ## - INDEX TERM--UNCONTROLLED
Uncontrolled term Poetics -- Early works to 1800
653 ## - INDEX TERM--UNCONTROLLED
Uncontrolled term Aesthetics -- Early works to 1800
653 ## - INDEX TERM--UNCONTROLLED
Uncontrolled term Criticism -- Early works to 1800
653 ## - INDEX TERM--UNCONTROLLED
Uncontrolled term Epistolary poetry, Latin -- Translations into English
700 1# - ADDED ENTRY--PERSONAL NAME
Personal name Colman, George,
Dates associated with a name 1732-1794
830 #0 - SERIES ADDED ENTRY--UNIFORM TITLE
Uniform title Project Gutenberg
Volume number/sequential designation 9175
856 40 - ELECTRONIC LOCATION AND ACCESS
Uniform Resource Identifier <a href="http://www.gutenberg.org/ebooks/9175">http://www.gutenberg.org/ebooks/9175</a>
942 ## - ADDED ENTRY ELEMENTS (KOHA)
Koha item type eBooks
Holdings
Withdrawn status Lost status Damaged status Home library Current library Date acquired Total Checkouts Date last seen Price effective from Koha item type
      Project Gutenberg Project Gutenberg 08/28/2014   08/28/2014 08/28/2014 eBooks

The Art of Poetry :

APA

Horace, Colman G., . (2005). The Art of Poetry. : Project Gutenberg.

Chicago

Horace, Colman George, . 2005. The Art of Poetry. : Project Gutenberg.

Harvard

Horace, Colman G., . (2005). The Art of Poetry. : Project Gutenberg.

MLA

Horace, Colman George, . The Art of Poetry. : Project Gutenberg. 2005.

  • Place hold
  • Print
  • Cite
  • Add to your cart (remove)
  • Save record
    BIBTEX Dublin Core MARCXML MARC (non-Unicode/MARC-8) MARC (Unicode/UTF-8) MARC (Unicode/UTF-8, Standard) MODS (XML) RIS
  • More searches
    Search for this title in:
    Other Libraries (WorldCat) Other Databases (Google Scholar) Online Stores (Bookfinder.com) Open Library (openlibrary.org)

Exporting to Dublin Core...

SOUTHVILLE LIBRARY

Southville International School and Colleges Library

1281 Tropical Ave. Cor. Luxembourg St., BF Homes International, Las Pinas City

Tel. No. 8256374 / 252358 Loc. 117/146

Powered by Koha